• 首页
  • 本馆介绍
  • 公告通知
  • 最新文献
  • 馆藏检索
  • 电子资源
  • 读者导购
  • 参考咨询
  • 我的图书馆
  • 登录
  • 详细信息显示
  • 放入我的书架
  • 预约/预借图书
  • 作者相关作品
  • 分类相关作品
  • 丛书相关作品
  • 出版社相关作品

书目信息

  • 表格格式
  • 工作单格式
  • 卡片格式
题名:
电影语言的语法
    
 
作者: 丹尼艾尔·阿里洪 著 ;陈国铎 , 黎锡 译
分册:  
出版信息: 北京   中国电影出版社  1981
页数: 642页
开本: 20cm
丛书名:
单 册:
中图分类: J93
科图分类:
主题词: 电影摄影
电子资源:
ISBN: 7-106-00029-9
000 00743nam0 2200229 450
001 0640111392
005 20070621152633.90
010    @a7-106-00029-9@b精装@dCNY30.00
100    @a20060314d1981 km y0chiy0120 ea
101 0  @achi
102    @aCN@b110000
105    @aa z 000yy
200 1  @a电影语言的语法@Adian ying yu yan de yu fa@f(乌拉圭)丹尼艾尔·阿里洪著@F(wu la gui)dan ni ai er·a li hong zhu@g陈国铎,黎锡译@Gchen guo duo,li xi yi
210    @a北京@c中国电影出版社@d1981
215    @a642页@c图@d20cm
606 0  @a电影摄影
690    @aJ93@v4
701  0 @a丹尼艾尔·阿里洪@Adan ni ai er·a li hong@4著
702  0 @a陈国铎@Achen guo duo@4译
702  0 @a黎锡@Ali xi@4译
801  0 @aCN@bPFT@c20070621
905    @a10447@dJ93@e125
    
    电影语言的语法/(乌拉圭)丹尼艾尔·阿里洪著/陈国铎,黎锡译.-北京:中国电影出版社,1981
    642页:图;20cm
    
    
    ISBN 7-106-00029-9(精装):CNY30.00
    
●
相关链接 在E读中查询图书 在五车中查询图书 在当当中查询图书 在豆瓣中查询图书


正题名:电影语言的语法     索取号:J93/125         预约/预借

序号 登录号 条形码 馆藏地/架位号 状态 备注
1 0339775   203397751   第一样本阅览室/ [索取号:J93/125] 在馆    
2 0339776   203397760   第一借阅区/ [索取号:J93/125] 在馆    
3 0339777   203397779   第一借阅区/ [索取号:J93/125] 在馆    
4 0339778   203397788   第一借阅区/ [索取号:J93/125] 在馆    
5 0502655   205026559   密集书库/ [索取号:J93/125] 在馆    
6 0666970   206669700   库房3/ [索取号:J93/125] 在馆    
唐山师范学院图书馆 欢迎您!
大连网信软件有限公司© 版权所有